ბათუმის შოთა რუსთაველის სახელმწიფო უნივერსიტეტის ბიბლიოთეკა

სამშენებლო მანქანები (ბიბ.ჩანაწერი № 41624)

000 -LEADER
fixed length control field 00946nam a2200229Ia 4500
001 - CONTROL NUMBER
control field 8293
003 - CONTROL NUMBER IDENTIFIER
control field GE_BSU
008 - FIXED-LENGTH DATA ELEMENTS--GENERAL INFORMATION
fixed length control field 181216s||||||||xx |||||||||||||| ||und||
040 ## - CATALOGING SOURCE
Transcribing agency GE_BSU
080 ## - UNIVERSAL DECIMAL CLASSIFICATION NUMBER
Universal Decimal Classification number 693.002.5(042.4)
100 ## - MAIN ENTRY--PERSONAL NAME
Personal name შაფაქიძე,ე. სარჯველაძე, ნ.
245 ## - TITLE STATEMENT
Title სამშენებლო მანქანები
245 ## - TITLE STATEMENT
Remainder of title სალექციო კურსი,მეთოდ.მითითებები პრაქტ.სამუშ–ს შესასრულებლად,საგამოცდო ტესტები
245 ## - TITLE STATEMENT
Statement of responsibility, etc. რედ. დ.ნატროშვილი ი. ძმანაშვილი
260 ## - PUBLICATION, DISTRIBUTION, ETC.
Place of publication, distribution, etc. თბილისი
260 ## - PUBLICATION, DISTRIBUTION, ETC.
Name of publisher, distributor, etc. პოლიგრაფი
260 ## - PUBLICATION, DISTRIBUTION, ETC.
Date of publication, distribution, etc. 2010
300 ## - PHYSICAL DESCRIPTION
Extent 229გვ.28სმ.
653 ## - INDEX TERM--UNCONTROLLED
Uncontrolled term სამშენებლო მანქანები
942 ## - ADDED ENTRY ELEMENTS (KOHA)
Koha item type წიგნი
ეგზემპლარები
Withdrawn status Lost status Damaged status Not for loan Date acquired Barcode Date last seen Price effective from Koha item type
        2018-12-17 30161 2018-12-17 2018-12-17 წიგნი